| 000 | 01156nam a22003017a 4500 | ||
|---|---|---|---|
| 999 |
_c29489 _d29460 |
||
| 003 | EG-ScBUE | ||
| 005 | 20210926110433.0 | ||
| 008 | 210925s1996 ua f 000 0 ara d | ||
| 017 | _a97/3126 | ||
| 020 | _a9775573025 | ||
| 040 |
_aEG-ScBUE _bara _erda _cEG-ScBUE _dEG-ScBUE |
||
| 043 |
_af-ua--- _an-us--- |
||
| 082 | 0 | 4 |
_a327.56073 _bم ر ز _222 |
| 100 | 1 |
_aالمرزوقي، حمد، _eمؤلف. |
|
| 245 | 1 | 0 |
_aسفر الخروج / _cد. حمد المرزوقي. |
| 250 | _aالطبعة الأولى. | ||
| 264 | 1 |
_aالقاهرة : _bالمنتدى العربي للدراسات والنشر، _c1996. |
|
| 300 |
_a269 صفحة ؛ _c23 سم |
||
| 336 |
_2rdacontent _aنص _btxt |
||
| 337 |
_2rdamedia _aبدون وسيط _bn |
||
| 338 |
_2rdacarrier _aمجلد _bnc |
||
| 541 | _cDonation. | ||
| 651 | 7 |
_aالدول العربية _xعلاقات خارجية _zالولايات المتحدة الأمريكية. |
|
| 651 | 7 |
_aالولايات المتحدة الأمريكية _xعلاقات خارجية _zالدول العربية. |
|
| 653 | 7 |
_aBUEsh _bBUSBOL _cSeptember2021 |
|
| 655 | 7 |
_2BUEsh _vReading book _934232 |
|
| 942 | _2ddc | ||